| 000 | 01080cam a22002775a 4500 | ||
|---|---|---|---|
| 001 | L149395 | ||
| 002 | 18271 | ||
| 008 | 100301s2010 xxk f 000 0 eng d | ||
| 020 | _a9781405194204 | ||
| 035 | _a(Sirsi) u149395 | ||
| 041 | 0 | _aeng | |
| 050 | 0 | 4 | _a658.404 $2 18 |
| 110 | 2 |
_aChartered Institute of Building _92134 |
|
| 245 | 0 | 0 | _aCode of practice for project management for construction and development |
| 250 | _a4th ed. | ||
| 260 |
_aChichester _bJohn Wiley & Sons _c2010 |
||
| 300 |
_axxii, 279p. _bill. _c30cm. |
||
| 350 | _a49.99 | ||
| 520 | _aFourth edition of this code of practice developed by the Chartered Institute of Building (CIOB) in consultation with representatives from other bodies including RICS and the RIBA. Illustrated with flowcharts and checklists, the first section covers the eight stages of projects, whilst the second contains a project handbook. | ||
| 520 | _aSupersedes third edition (ISBN 1405103094). | ||
| 521 | _aAdvanced | ||
| 590 | _aKA | ||
| 651 | 4 |
_aUnited Kingdom _y |
|
| 690 |
_aProject management _96261 |
||
| 942 | _n0 | ||
| 999 |
_c110484 _d110484 |
||